000 00303nam a2200133Ia 4500
008 240624s9999 xx 000 0 und d
041 _aeng
082 _a658.81 STI
100 _aSTILL RICHARD R
245 _aSALES MANAGEMENT DECISIONS STRATEGIES AN
260 _c2004
300 _a#N/A
365 _cRS
999 _c2527
_d2527